| 000 | 00470nam a2200145 4500 | ||
|---|---|---|---|
| 999 |
_c11680 _d11680 |
||
| 008 | 181218b ||||| |||| 00| 0 eng d | ||
| 022 | _a 2094-8042 | ||
| 082 | _aDPer 050 T48 Apr-June 2016 v. 187 n. 12-24 | ||
| 100 |
_933408 _aKlobuchar, Amy |
||
| 245 |
_aHillary Clinton: _bdemocratic fighter/ _cAmy Klobuchar. |
||
| 260 |
_aHong Kong: _bTime Asia, _cc2016. |
||
| 300 |
_av187 n16-17, page 77: _billustrations; _c27 cm. |
||
| 650 | 0 |
_933410 _aPolitics. |
|
| 942 |
_2ddc _cPER |
||